[Event "España tch - Primera División Grupo 1"]
[Site "Burguillos ESP"]
[Date "2008.08.15"]
[Round "4.43"]
[White "Perez Pardo, Juan Carlos"]
[Black "Oñate Mendez, Elias"]
[Result "1/2-1/2"]
[PlyCount "107"]
[EventDate "2008.08.13"]
[EventType "team"]
[EventCountry "ESP"]
[Source "lmi"]
[SourceDate "2008.08.13"]
[WhiteElo "2300"]
[BlackElo "2223"]

1. Nf3 Nf6 2. c4 e6 3. g3 d5 4. d4 Be7 5. Bg2 O-O 6. O-O dxc4 7. Qa4 Bd7 8.
Qxc4 Bc6 9. Nc3 a6 10. Qd3 b5 11. a3 Bb7 12. b4 Nbd7 13. Bf4 Nb6 14. Ne5 Bxg2
15. Kxg2 Bd6 16. Nc6 Qd7 17. Qf3 Nfd5 18. Nxd5 exd5 19. Na5 Bxf4 20. gxf4 Qf5
21. Ra2 Rfe8 22. Rc1 Nc4 23. Nb3 Re6 24. Nc5 Rh6 25. h3 Re8 26. Nd3 Rg6+ 27.
Kh2 Rge6 28. Ne5 f6 29. Nd3 Re4 30. e3 Nxe3 31. Rxc7 Nc4 32. Qg4 Qxg4 33. hxg4
Rxd4 34. Nc5 Rxf4 35. Kg3 Rd4 36. a4 Rd2 37. Ra1 Nd6 38. axb5 Nxb5 39. Rd7 Rde2
40. Rxa6 R2e7 41. Rb6 Rxd7 42. Nxd7 Nc3 43. Nc5 Ne4+ 44. Nxe4 Rxe4 45. Rd6 Rxb4
46. Rxd5 Kf7 47. Rc5 Rb3+ 48. f3 Kg6 49. Ra5 Rb4 50. Rc5 Kh6 51. Rh5+ Kg6 52.
Ra5 Rb8 53. Rc5 Rb4 54. Ra5 1/2-1/2

[Event "España tch - Primera División Grupo 1"]
[Site "Burguillos ESP"]
[Date "2008.08.15"]
[Round "4.44"]
[White "Fernandez Garcia, Jose Miguel"]
[Black "Lopez Gonzalez, Daniel"]
[Result "1-0"]
[PlyCount "61"]
[EventDate "2008.08.13"]
[EventType "team"]
[EventCountry "ESP"]
[Source "lmi"]
[SourceDate "2008.08.13"]
[WhiteElo "2135"]
[BlackElo "2210"]

1. e4 c5 2. Nf3 e6 3. d4 cxd4 4. Nxd4 Nc6 5. Nc3 Qc7 6. Be2 a6 7. Be3 Nf6 8.
O-O d6 9. f4 Be7 10. Bf3 O-O 11. Qe1 Bd7 12. Rd1 Nxd4 13. Bxd4 Bc6 14. Kh1 b5
15. a3 Nd7 16. Nd5 Qd8 17. Nxe7+ Qxe7 18. Bxg7 Kxg7 19. Qc3+ Nf6 20. Qxc6 Rfc8
21. Qb6 Ne8 22. e5 d5 23. f5 Qd7 24. Bg4 Rc6 25. Qf2 exf5 26. Bxf5 Qc7 27. Qg3+
Kh8 28. Qh4 h6 29. e6 fxe6 30. Qxh6+ Kg8 31. Bh7+ 1-0

[Event "España tch - Primera División Grupo 1"]
[Site "Burguillos ESP"]
[Date "2008.08.15"]
[Round "4.52"]
[White "Camacho Collados, Jose"]
[Black "Fernandez Barrera, Victor"]
[Result "1/2-1/2"]
[PlyCount "77"]
[EventDate "2008.08.13"]
[EventType "team"]
[EventCountry "ESP"]
[Source "lmi"]
[SourceDate "2008.08.13"]
[WhiteElo "2276"]
[BlackElo "2319"]

1. Nf3 Nf6 2. g3 g6 3. Bg2 Bg7 4. d4 O-O 5. c4 c6 6. O-O d5 7. cxd5 cxd5 8. Nc3
Ne4 9. Ne5 Nxc3 10. bxc3 Nc6 11. Nxc6 bxc6 12. Qa4 Qb6 13. Ba3 Qa6 14. Qxa6
Bxa6 15. Rfb1 Bxe2 16. Bxe7 Rfb8 17. Bc5 a6 18. Bf1 Bxf1 19. Kxf1 Bf8 20. a4 f6
21. Ke2 Kf7 22. Kd3 Ke8 23. Re1+ Kd7 24. Re2 Bxc5 25. dxc5 a5 26. f3 Re8 27.
Rb1 Rxe2 28. Kxe2 Kc7 29. h4 Re8+ 30. Kf2 Rd8 31. Re1 Kd7 32. Rb1 Kc7 33. Ke3
Re8+ 34. Kd3 Re5 35. Rb2 Kc8 36. Re2 Kd7 37. Rb2 Ke7 38. Re2 Kd7 39. Rb2
1/2-1/2

[Event "España tch - Primera División Grupo 1"]
[Site "Burguillos ESP"]
[Date "2008.08.15"]
[Round "4.53"]
[White "Espinosa Aranda, Angel"]
[Black "Camacho Collados, Marcos"]
[Result "1-0"]
[PlyCount "31"]
[EventDate "2008.08.13"]
[EventType "team"]
[EventCountry "ESP"]
[Source "lmi"]
[SourceDate "2008.08.13"]
[WhiteElo "2313"]
[BlackElo "2230"]

1. e4 c5 2. Nf3 e6 3. d4 cxd4 4. Nxd4 Nf6 5. Nc3 Qb6 6. Be3 Ng4 7. Qxg4 Qxb2 8.
Kd2 Qxa1 9. Nxe6 Bb4 10. Nc7+ Kd8 11. N7d5 Bxc3+ 12. Nxc3 Re8 13. Qxg7 Nc6 14.
Qf6+ Re7 15. Qh8+ Re8 16. Bg5+ 1-0

[Event "España tch - Primera División Grupo 1"]
[Site "Burguillos ESP"]
[Date "2008.08.15"]
[Round "4.54"]
[White "Cuenca Jimenez, Francisco Javier"]
[Black "Garcia Moral Garcia, Jose Daniel"]
[Result "1/2-1/2"]
[PlyCount "87"]
[EventDate "2008.08.13"]
[EventType "team"]
[EventCountry "ESP"]
[Source "lmi"]
[SourceDate "2008.08.13"]
[WhiteElo "2130"]
[BlackElo "2298"]

1. c4 g6 2. g3 Bg7 3. Bg2 e5 4. Nc3 d6 5. e4 Ne7 6. Nge2 c5 7. a3 Nbc6 8. Rb1
h5 9. h4 Bg4 10. f3 Bd7 11. d3 Nd4 12. b4 b6 13. O-O O-O 14. Be3 Rb8 15. Qd2 a6
16. bxc5 dxc5 17. Nd5 Nxe2+ 18. Qxe2 Nxd5 19. cxd5 Qe7 20. Qf2 Bb5 21. Rfd1
Rfc8 22. f4 exf4 23. gxf4 Bd4 24. Bxd4 cxd4 25. e5 Rc3 26. Qxd4 Rbc8 27. f5
gxf5 28. d6 Qd7 29. Bd5 Rc2 30. Kh1 Bc6 31. Rg1+ Kf8 32. Rxb6 f4 33. e6 Bxd5+
34. Qxd5 Qxe6 35. Qxe6 fxe6 36. Rf1 e5 37. d4 R8c3 38. Rb8+ Kf7 39. dxe5 Rh3+
40. Kg1 Rg3+ 41. Kh1 Rh3+ 42. Kg1 f3 43. Rf2 Rc1+ 44. Rf1 1/2-1/2

[Event "España tch - Primera División Grupo 1"]
[Site "Burguillos ESP"]
[Date "2008.08.15"]
[Round "4.61"]
[White "Picazo Lopez, Juan Antonio"]
[Black "Almagro Llamas, Pablo"]
[Result "0-1"]
[PlyCount "72"]
[EventDate "2008.08.13"]
[EventType "team"]
[EventCountry "ESP"]
[Source "lmi"]
[SourceDate "2008.08.13"]
[WhiteElo "2226"]
[BlackElo "2492"]

1. d4 d5 2. c4 c6 3. Nc3 Nf6 4. e3 a6 5. Nf3 b5 6. b3 Bg4 7. h3 Bh5 8. g4 Bg6
9. Ne5 e6 10. c5 Ne4 11. Nxg6 Nxc3 12. Qc2 hxg6 13. Qxc3 a5 14. a3 Nd7 15. f4
Qh4+ 16. Kd1 Nf6 17. Bg2 Nxg4 18. Rf1 Nf2+ 19. Kc2 Qg3 20. Qe1 Qxg2 21. Rxf2
Qe4+ 22. Kb2 Rxh3 23. a4 b4 24. Bd2 Be7 25. Qe2 Bh4 26. Rh2 Rxh2 27. Qxh2 Be7
28. Qe2 Bf6 29. Re1 Kd7 30. Qh2 Kc7 31. Rg1 Kb7 32. Rg3 Re8 33. Kc1 Qd3 34. Kb2
Rh8 35. Qg2 Rh4 36. Rf3 Qe4 0-1

[Event "España tch - Primera División Grupo 1"]
[Site "Burguillos ESP"]
[Date "2008.08.15"]
[Round "4.62"]
[White "Gonzalez Somoza, Oliver"]
[Black "Campayo Hernandez, Juan"]
[Result "0-1"]
[PlyCount "72"]
[EventDate "2008.08.13"]
[EventType "team"]
[EventCountry "ESP"]
[Source "lmi"]
[SourceDate "2008.08.13"]
[WhiteElo "2357"]
[BlackElo "2123"]

1. d4 d5 2. c4 c6 3. Nf3 Nf6 4. e3 Bg4 5. Qb3 Qb6 6. Ne5 Be6 7. c5 Qc7 8. Bd3
Nfd7 9. f4 f6 10. Nxd7 Nxd7 11. f5 Bf7 12. Nc3 g6 13. g4 gxf5 14. gxf5 Rg8 15.
Bd2 Rg2 16. O-O-O Bh6 17. Rdg1 Ne5 18. dxe5 d4 19. Bc4 Bxc4 20. Qxc4 Rxg1+ 21.
Rxg1 dxc3 22. Qg8+ Bf8 23. Bxc3 O-O-O 24. Qxh7 Qd7 25. Qh5 Qd3 26. Re1 Rd5 27.
Qf7 Rd8 28. Ba5 b6 29. cxb6 axb6 30. Qe6+ Kb7 31. Bc3 Bh6 32. Qxe7+ Rd7 33. Qe6
Bg5 34. a4 Bh4 35. Bd4 Rxd4 36. exd4 Bg5+ 0-1

[Event "España tch - Primera División Grupo 1"]
[Site "Burguillos ESP"]
[Date "2008.08.15"]
[Round "4.63"]
[White "Parada Medrano, Ivan"]
[Black "Rabadan Velasco, Raul"]
[Result "0-1"]
[PlyCount "92"]
[EventDate "2008.08.13"]
[EventType "team"]
[EventCountry "ESP"]
[Source "lmi"]
[SourceDate "2008.08.13"]
[WhiteElo "2122"]
[BlackElo "2323"]

1. c4 Nc6 2. g3 e5 3. Bg2 Bc5 4. Nc3 d6 5. d3 Nge7 6. e3 h5 7. Nge2 h4 8. a3 a6
9. b4 Ba7 10. Bd2 Qd7 11. Nc1 hxg3 12. hxg3 Rxh1+ 13. Bxh1 Qh3 14. Qf3 Bg4 15.
Qg2 Qh7 16. Qg1 O-O-O 17. Be4 f5 18. Qh1 Qxh1+ 19. Bxh1 Rh8 20. Bg2 Nd8 21. Nb3
Ne6 22. f4 exf4 23. gxf4 g5 24. Nd5 Ng6 25. fxg5 Nh4 26. Kf2 Nxg2 27. Kxg2 Nxg5
28. Bc3 Bf3+ 29. Kg3 Rh3+ 30. Kf4 Bxd5 31. cxd5 Bxe3+ 32. Kxf5 Rf3+ 33. Kg4
Rf4+ 34. Kg3 Rf5 35. Rd1 Rxd5 36. Kg4 Ne4 37. Be1 Bb6 38. Kf4 Nf6 39. Bc3 Nd7
40. d4 Rh5 41. Rd3 Nf6 42. Kg3 Rf5 43. Bd2 Kd7 44. a4 c6 45. Nc5+ dxc5 46.
dxc5+ Rd5 0-1

[Event "España tch - Primera División Grupo 1"]
[Site "Burguillos ESP"]
[Date "2008.08.15"]
[Round "4.64"]
[White "Tamayo Romay, Javier"]
[Black "Sanchez Sanchez, Alberto"]
[Result "1-0"]
[PlyCount "79"]
[EventDate "2008.08.13"]
[EventType "team"]
[EventCountry "ESP"]
[Source "lmi"]
[SourceDate "2008.08.13"]
[WhiteElo "2217"]
[BlackElo "2076"]

1. e4 a6 2. c4 e5 3. Nf3 d6 4. d4 exd4 5. Nxd4 Nf6 6. Nc3 Bd7 7. Be2 Nc6 8. O-O
Be7 9. h3 Nxd4 10. Qxd4 Qc8 11. f4 b6 12. Kh2 h5 13. Nd5 c5 14. Nxf6+ Kd8 15.
Qd3 gxf6 16. f5 Bc6 17. Bf4 Kc7 18. Rfd1 Qd7 19. Bf3 a5 20. Qe2 h4 21. Rd3 Rad8
22. Rad1 Qe8 23. Qd2 Qf8 24. b3 Rd7 25. a3 Qa8 26. Bxd6+ Bxd6+ 27. Rxd6 Rhd8
28. Rxd7+ Rxd7 29. Qf4+ Kc8 30. Rxd7 Kxd7 31. Qxh4 Qd8 32. Qf4 Ke7 33. e5 Bxf3
34. exf6+ Kd7 35. Qd2+ Kc8 36. Qxd8+ Kxd8 37. gxf3 b5 38. a4 b4 39. Kg3 Kd7 40.
Kf4 1-0

[Event "España tch - Primera División Grupo 1"]
[Site "Burguillos ESP"]
[Date "2008.08.15"]
[Round "4.71"]
[White "Karim, Ismael"]
[Black "Jimenez Villena, Francisco Jose"]
[Result "1-0"]
[PlyCount "37"]
[EventDate "2008.08.13"]
[EventType "team"]
[EventCountry "ESP"]
[Source "lmi"]
[SourceDate "2008.08.13"]
[WhiteElo "2398"]
[BlackElo "2274"]

1. e4 g6 2. d4 c6 3. Nc3 d5 4. Nf3 Bg4 5. h3 Bxf3 6. Qxf3 dxe4 7. Nxe4 Bg7 8.
Bc4 Qa5+ 9. Bd2 Qf5 10. Qe3 Kf8 11. g4 Qd7 12. c3 Nf6 13. Nxf6 exf6 14. O-O-O
h5 15. Qf3 Qc8 16. Qg3 Kg8 17. gxh5 g5 18. f4 Rxh5 19. fxg5 1-0

[Event "España tch - Primera División Grupo 1"]
[Site "Burguillos ESP"]
[Date "2008.08.15"]
[Round "4.72"]
[White "Tudela Corbalan, Carlos"]
[Black "Cruz Ravina, Francisco Javier"]
[Result "1-0"]
[WhiteElo "2191"]
[PlyCount "91"]
[EventDate "2008.08.13"]
[EventType "team"]
[EventCountry "ESP"]
[Source "lmi"]
[SourceDate "2008.08.13"]
[BlackElo "2337"]

1. e4 c6 2. d4 d5 3. e5 Bf5 4. c4 e6 5. Nc3 Nd7 6. Nge2 Ne7 7. Be3 dxc4 8. Ng3
Bd3 9. Bxd3 cxd3 10. O-O h5 11. Bg5 f6 12. Nce4 Ng6 13. Qb3 Be7 14. exf6 Nxf6
15. Bxf6 gxf6 16. Qxe6 Kf8 17. Qf5 Rh6 18. Qf3 Qd5 19. Nf5 Rh7 20. Nxe7 Rxe7
21. Qxf6+ Qf7 22. Qxf7+ Kxf7 23. Rfe1 Rd8 24. Ng5+ Kf6 25. Nf3 Nf4 26. Rxe7
Kxe7 27. Kf1 Ne6 28. Re1 d2 29. Nxd2 Rxd4 30. Nf3 Rd5 31. Re5 Rxe5 32. Nxe5 Kf6
33. Nd3 c5 34. Ke2 Kf5 35. Ke3 b5 36. h3 c4 37. Nb4 Nf4 38. g3 a5 39. Nc6 Nd3
40. Nd4+ Ke5 41. Nxb5 Nxb2 42. Nc3 Nd3 43. f4+ Kf5 44. Nb5 Ke6 45. g4 hxg4 46.
hxg4 1-0

[Event "España tch - Primera División Grupo 1"]
[Site "Burguillos ESP"]
[Date "2008.08.15"]
[Round "4.73"]
[White "Osuna Vega, Enrique"]
[Black "Ibarra Jerez, Juan Miguel"]
[Result "0-1"]
[PlyCount "74"]
[EventDate "2008.08.13"]
[EventType "team"]
[EventCountry "ESP"]
[Source "lmi"]
[SourceDate "2008.08.13"]
[WhiteElo "2134"]
[BlackElo "2186"]

1. d4 Nf6 2. Nf3 c5 3. c3 g6 4. Bf4 Bg7 5. Nbd2 d6 6. e4 cxd4 7. cxd4 O-O 8.
Be2 Nc6 9. O-O d5 10. e5 Nh5 11. Be3 f6 12. exf6 Bxf6 13. Nb3 Ng7 14. Bh6 Qb6
15. Qd2 Bf5 16. Bd3 Bg4 17. Be2 Rad8 18. Rfd1 a5 19. Ne5 Bxe5 20. Bxg4 Bf6 21.
Be3 Rfe8 22. f4 e6 23. Rac1 Nf5 24. Bf2 Re7 25. g3 Rde8 26. Kg2 Nd6 27. Nc5 Nc4
28. Rxc4 dxc4 29. Nxe6 Nb4 30. d5 Qb5 31. d6 Rxe6 32. d7 Nd3 33. dxe8=Q+ Rxe8
34. b3 c3 35. Qc2 Nb4 36. a4 Qc6+ 37. Bf3 Nxc2 0-1

[Event "España tch - Primera División Grupo 1"]
[Site "Burguillos ESP"]
[Date "2008.08.15"]
[Round "4.81"]
[White "Rubio Mejia, Luis Ignacio"]
[Black "Ruiz Sanchez, Andres"]
[Result "1-0"]
[PlyCount "69"]
[EventDate "2008.08.13"]
[EventType "team"]
[EventCountry "ESP"]
[Source "lmi"]
[SourceDate "2008.08.13"]
[WhiteElo "2386"]
[BlackElo "2212"]

1. d4 d5 2. c4 e6 3. Nc3 Nf6 4. cxd5 exd5 5. Bg5 Be7 6. e3 c6 7. Qc2 Nbd7 8.
Bd3 O-O 9. Nge2 Re8 10. O-O Nf8 11. Rab1 Ng6 12. b4 a6 13. a4 Ne4 14. Bxe7 Qxe7
15. Bxe4 dxe4 16. Ng3 f5 17. b5 axb5 18. axb5 Be6 19. bxc6 bxc6 20. Na4 Rac8
21. Nc5 Qf6 22. Nh5 Qg5 23. Nxe6 Rxe6 24. Qc4 Rce8 25. Rb8 Qe7 26. Rfb1 Qf7 27.
R1b7 Rxb8 28. Rxb8+ Nf8 29. Qc5 Re7 30. h3 g6 31. Nf4 g5 32. Ne2 Qf6 33. Ng3
Rf7 34. Rc8 Qg6 35. Rxc6 1-0

[Event "España tch - Primera División Grupo 1"]
[Site "Burguillos ESP"]
[Date "2008.08.15"]
[Round "4.82"]
[White "Ruiz Sanchez, Miguel Angel"]
[Black "Baigorri Navarro, Francisco Javier"]
[Result "1/2-1/2"]
[PlyCount "60"]
[EventDate "2008.08.13"]
[EventType "team"]
[EventCountry "ESP"]
[Source "lmi"]
[SourceDate "2008.08.13"]
[WhiteElo "2181"]
[BlackElo "2178"]

1. d4 d5 2. Bf4 Nf6 3. e3 g6 4. Bd3 Bg7 5. h3 O-O 6. Nf3 c5 7. c3 b6 8. Nbd2
Bb7 9. g4 Nc6 10. Ne5 Nd7 11. Nxc6 Bxc6 12. Nf3 Re8 13. Qe2 e5 14. dxe5 Nxe5
15. Bxe5 Bxe5 16. Bb5 Qd7 17. Bxc6 Qxc6 18. Nxe5 Rxe5 19. Qf3 Qa4 20. O-O h5
21. b3 hxg4 22. hxg4 Qe4 23. Kg2 Rg5 24. Qxe4 dxe4 25. Kh3 Kg7 26. f4 exf3 27.
Rxf3 f5 28. Rf4 Rh8+ 29. Kg3 fxg4 30. Rxg4 Rxg4+ 1/2-1/2

[Event "España tch - Primera División Grupo 1"]
[Site "Burguillos ESP"]
[Date "2008.08.15"]
[Round "4.83"]
[White "Martin Prieto, Oscar"]
[Black "Galvez Extremera, Francisco"]
[Result "1-0"]
[PlyCount "33"]
[EventDate "2008.08.13"]
[EventType "team"]
[EventCountry "ESP"]
[Source "lmi"]
[SourceDate "2008.08.13"]
[WhiteElo "2097"]
[BlackElo "2125"]

1. e4 c6 2. d4 d5 3. exd5 cxd5 4. Bd3 Nc6 5. c3 Nf6 6. h3 e5 7. dxe5 Nxe5 8.
Qe2 Qe7 9. Be3 Bd7 10. Nf3 Nxd3+ 11. Qxd3 Qe4 12. Qd4 Bd6 13. Nbd2 Qe6 14. O-O
O-O 15. Rfe1 Rfe8 16. Bf4 Ne4 17. Bxd6 1-0

[Event "España tch - Primera División Grupo 1"]
[Site "Burguillos ESP"]
[Date "2008.08.15"]
[Round "4.91"]
[White "Plaza Pardo, Daniel"]
[Black "Dolezal, Cristian"]
[Result "0-1"]
[PlyCount "120"]
[EventDate "2008.08.13"]
[EventType "team"]
[EventCountry "ESP"]
[Source "lmi"]
[SourceDate "2008.08.13"]
[WhiteElo "2207"]
[BlackElo "2435"]

1. e4 c5 2. Nf3 e6 3. d4 cxd4 4. Nxd4 Nf6 5. Bd3 Nc6 6. Nxc6 bxc6 7. O-O e5 8.
c4 Bc5 9. Nd2 O-O 10. Nb3 Be7 11. c5 a5 12. Be3 Ba6 13. Bxa6 Rxa6 14. Qf3 Qb8
15. Rfc1 Re8 16. Rab1 a4 17. Nd2 Ra5 18. b4 axb3 19. axb3 Rb5 20. Qe2 Qb7 21.
Ra1 h6 22. f3 Ra8 23. Qc4 Rxa1 24. Rxa1 Nh7 25. Qc3 Nf8 26. Ra5 Ne6 27. Rxb5
Qxb5 28. Qxe5 Qd3 29. Kf2 Bxc5 30. Bxc5 Qxd2+ 31. Kg3 g5 32. Qd6 Qe1+ 33. Bf2
Qc1 34. Qb8+ Kg7 35. Qd6 h5 36. h4 gxh4+ 37. Kh2 Qg5 38. Bd4+ Kg6 39. Be5 f6
40. f4 Qg3+ 41. Kh1 Qe1+ 42. Kh2 Qxe4 43. Qxd7 Nxf4 44. Bxf4 Qxf4+ 45. Kh1 Qe4
46. Kh2 c5 47. Qc8 Qe5+ 48. Kh1 Kg5 49. Qg8+ Kf4 50. Qc4+ Qd4 51. Qf1+ Kg5 52.
Qf3 Qa1+ 53. Kh2 Qe5+ 54. Kh1 Qe1+ 55. Kh2 Qg3+ 56. Qxg3+ hxg3+ 57. Kxg3 h4+
58. Kh3 f5 59. g3 hxg3 60. Kxg3 f4+ 0-1

[Event "España tch - Primera División Grupo 1"]
[Site "Burguillos ESP"]
[Date "2008.08.15"]
[Round "4.92"]
[White "Calvo Alfonso, Vicente"]
[Black "Barbera Estelles, Rosendo"]
[Result "1/2-1/2"]
[PlyCount "73"]
[EventDate "2008.08.13"]
[EventType "team"]
[EventCountry "ESP"]
[Source "lmi"]
[SourceDate "2008.08.13"]
[WhiteElo "2185"]
[BlackElo "2198"]

1. d4 d5 2. Nf3 Nf6 3. Bf4 c5 4. e3 Nc6 5. a3 Bg4 6. c3 e6 7. Nbd2 Qb6 8. b4
cxd4 9. cxd4 Be7 10. Bd3 O-O 11. h3 Bh5 12. O-O Bg6 13. Qe2 Rfc8 14. Bxg6 hxg6
15. Rfb1 a6 16. Bg5 Ne4 17. Bxe7 Nc3 18. Qd3 Nxe7 19. Rc1 Nb5 20. Rc5 Qd8 21.
Rac1 b6 22. R5c2 f6 23. a4 Nd6 24. Qb3 Rxc2 25. Rxc2 Rc8 26. Rc3 Qd7 27. a5 Qb5
28. axb6 Qxb6 29. Rxc8+ Nexc8 30. Qa4 Qb5 31. Qxb5 Nxb5 32. Nb3 Kf7 33. Nc5 Nc7
34. Kf1 Na7 35. Ne1 Nc6 36. Nc2 e5 37. Ke2 1/2-1/2

[Event "España tch - Primera División Grupo 1"]
[Site "Burguillos ESP"]
[Date "2008.08.15"]
[Round "4.93"]
[White "Torres Garrigos, David"]
[Black "Penades Ordaz, Victor"]
[Result "1/2-1/2"]
[PlyCount "32"]
[EventDate "2008.08.13"]
[EventType "team"]
[EventCountry "ESP"]
[Source "lmi"]
[SourceDate "2008.08.13"]
[WhiteElo "2180"]
[BlackElo "2172"]

1. e4 c5 2. Nf3 Nc6 3. Nc3 g6 4. Bb5 Bg7 5. O-O Nf6 6. Re1 O-O 7. e5 Ng4 8.
Bxc6 dxc6 9. h3 Nh6 10. d3 Nf5 11. Ne4 b6 12. Bf4 Nd4 13. Nfd2 Ne6 14. Bg3 Bh6
15. Nc4 Ba6 16. b3 Bxc4 1/2-1/2

[Event "España tch - Primera División Grupo 1"]
[Site "Burguillos ESP"]
[Date "2008.08.15"]
[Round "4.94"]
[White "Martinez Villar, Jesus"]
[Black "Gonzalez Aguirre, Luis"]
[Result "0-1"]
[PlyCount "72"]
[EventDate "2008.08.13"]
[EventType "team"]
[EventCountry "ESP"]
[Source "lmi"]
[SourceDate "2008.08.13"]
[WhiteElo "2142"]
[BlackElo "2133"]

1. d4 Nf6 2. Nf3 d5 3. Bf4 c5 4. e3 Nc6 5. c3 Qb6 6. Qc1 Bf5 7. Nbd2 h6 8. h3
e6 9. Be2 Be7 10. O-O O-O 11. Ne5 Rac8 12. Ndf3 Rfd8 13. Bd3 Ne4 14. Qb1 Nxe5
15. Bxe5 f6 16. Bh2 Bd6 17. Bxd6 Qxd6 18. Rd1 c4 19. Bc2 g5 20. Ne1 Rc7 21. f3
Ng3 22. e4 Bh7 23. Rd2 Qf4 24. Qd1 Qe3+ 25. Rf2 Nh1 26. Qd2 Qxf2+ 27. Qxf2 Nxf2
28. Kxf2 Rd6 29. Ke2 e5 30. dxe5 fxe5 31. exd5 Rxd5 32. Bxh7+ Kxh7 33. Rd1 Rcd7
34. Rxd5 Rxd5 35. b3 Ra5 36. bxc4 Rxa2+ 0-1

[Event "España tch - Primera División Grupo 1"]
[Site "Burguillos ESP"]
[Date "2008.08.15"]
[Round "4.101"]
[White "Corbalan Gomez, Juan Jose"]
[Black "Camino Carrio, Nicanor"]
[Result "1/2-1/2"]
[PlyCount "48"]
[EventDate "2008.08.13"]
[EventType "team"]
[EventCountry "ESP"]
[Source "lmi"]
[SourceDate "2008.08.13"]
[WhiteElo "2152"]
[BlackElo "2196"]

1. e4 c5 2. Nf3 d6 3. d4 cxd4 4. Nxd4 Nf6 5. Nc3 g6 6. Be3 Bg7 7. f3 O-O 8. Bc4
Nc6 9. Bb3 Nd7 10. Qd2 Nb6 11. Nxc6 bxc6 12. Bh6 c5 13. Bxg7 Kxg7 14. Nd5 e6
15. Nxb6 axb6 16. c4 Qh4+ 17. g3 Qf6 18. Qf2 Bb7 19. O-O Bc6 20. Rad1 Rfd8 21.
Rd2 b5 22. Rfd1 bxc4 23. Bxc4 d5 24. Qxc5 Rac8 1/2-1/2

[Event "España tch - Primera División Grupo 1"]
[Site "Burguillos ESP"]
[Date "2008.08.15"]
[Round "4.102"]
[White "Vega Gutierrez, Belinda"]
[Black "Alshameary Puente, Ismael"]
[Result "1-0"]
[PlyCount "73"]
[EventDate "2008.08.13"]
[EventType "team"]
[EventCountry "ESP"]
[Source "lmi"]
[SourceDate "2008.08.13"]
[WhiteElo "2129"]
[BlackElo "1951"]

1. e4 c5 2. Nf3 d6 3. d4 cxd4 4. Nxd4 Nf6 5. Nc3 g6 6. Be2 Bg7 7. O-O O-O 8.
Re1 Nc6 9. Nb3 Bd7 10. Bf1 Rc8 11. Nd5 Nxd5 12. exd5 Ne5 13. a4 Re8 14. a5 Bg4
15. f3 Bd7 16. c3 Qc7 17. Be3 b6 18. axb6 axb6 19. Bd4 Nc4 20. Bxg7 Kxg7 21.
Qd4+ Kg8 22. Bxc4 Qxc4 23. Qxc4 Rxc4 24. Ra7 Bf5 25. Rexe7 Rxe7 26. Rxe7 Ra4
27. Nd4 Ra1+ 28. Kf2 Ra2 29. Re2 Bd3 30. Rd2 Bc4 31. Nc6 Kf8 32. Nb4 Ra1 33.
Nc2 Rb1 34. Na3 Rf1+ 35. Ke3 Re1+ 36. Kd4 Bb3 37. Nc4 1-0

[Event "España tch - Primera División Grupo 1"]
[Site "Burguillos ESP"]
[Date "2008.08.15"]
[Round "4.103"]
[White "Gutierrez Valero, Mario"]
[Black "Galvan Ruiz, Mario"]
[Result "0-1"]
[PlyCount "64"]
[EventDate "2008.08.13"]
[EventType "team"]
[EventCountry "ESP"]
[Source "lmi"]
[SourceDate "2008.08.13"]
[WhiteElo "1945"]
[BlackElo "2019"]

1. d4 e6 2. c4 Nf6 3. Nf3 c5 4. d5 d6 5. Nc3 exd5 6. cxd5 g6 7. Nd2 a6 8. a4
Bg7 9. e4 O-O 10. Be2 Re8 11. O-O Nbd7 12. f3 Nh5 13. Nb3 Qc7 14. Kh1 Rb8 15.
Bd2 c4 16. Nc1 b5 17. axb5 axb5 18. Qc2 Nc5 19. g4 Nf6 20. b4 cxb3 21. Nxb3
Ncxe4 22. fxe4 Nxe4 23. Ra7 Bb7 24. Qxe4 Rxe4 25. Nxe4 Qc2 26. Nxd6 Bxd5+ 27.
Bf3 Qxb3 28. Kg2 Qd3 29. Bf4 Qe2+ 30. Rf2 Bxf3+ 31. Kg3 Qe1 32. Kxf3 Bd4 0-1

[Event "España tch - Primera División Grupo 1"]
[Site "Burguillos ESP"]
[Date "2008.08.15"]
[Round "4.112"]
[White "Escobar Felix, Eduardo"]
[Black "Hernandez Leon, Alberto"]
[Result "1/2-1/2"]
[PlyCount "85"]
[EventDate "2008.08.13"]
[EventType "team"]
[EventCountry "ESP"]
[Source "lmi"]
[SourceDate "2008.08.13"]
[WhiteElo "2153"]
[BlackElo "2236"]

1. Nf3 g6 2. e4 Bg7 3. d4 c5 4. Nc3 cxd4 5. Nxd4 Nc6 6. Be3 Nf6 7. Bc4 O-O 8.
Bb3 a5 9. O-O Nxd4 10. Bxd4 d6 11. Qe2 Bd7 12. Rad1 a4 13. Bc4 Bc6 14. Nd5 Nd7
15. Bxg7 Kxg7 16. Qe3 e6 17. Qd4+ Kg8 18. Nb4 Qb6 19. Qxd6 Bxe4 20. Rfe1 Bf5
21. a3 Rac8 22. Qxd7 Rxc4 23. c3 Rf4 24. Rd2 h5 25. Qd6 Qxd6 26. Rxd6 Re4 27.
Rxe4 Bxe4 28. f3 Bf5 29. Kf2 Rc8 30. Ke3 Rc7 31. f4 Kf8 32. Rd4 Ke7 33. g3 f6
34. h4 Rc5 35. Rd2 e5 36. Rd5 exf4+ 37. gxf4 Rxd5 38. Nxd5+ Ke6 39. Nc7+ Kd6
40. Ne8+ Ke7 41. Nc7 Kd6 42. Ne8+ Ke7 43. Nc7 1/2-1/2

[Event "España tch - Primera División Grupo 1"]
[Site "Burguillos ESP"]
[Date "2008.08.15"]
[Round "4.113"]
[White "Ros Octavio De Toledo, Eduardo"]
[Black "Sanchez Silva, Luis Agapito"]
[Result "1/2-1/2"]
[PlyCount "116"]
[EventDate "2008.08.13"]
[EventType "team"]
[EventCountry "ESP"]
[Source "lmi"]
[SourceDate "2008.08.13"]
[WhiteElo "2202"]
[BlackElo "2105"]

1. Nf3 d5 2. d4 Nf6 3. c4 e6 4. Nc3 Be7 5. Bg5 h6 6. Bh4 O-O 7. e3 b6 8. Rc1
Bb7 9. Bxf6 Bxf6 10. cxd5 exd5 11. Be2 Re8 12. O-O c6 13. b4 Nd7 14. a4 a5 15.
Qb3 axb4 16. Qxb4 Ra5 17. Rfd1 Qa8 18. Bd3 c5 19. Qb1 c4 20. Bh7+ Kh8 21. Bf5
Bc6 22. Bxd7 Bxd7 23. Qxb6 Bxa4 24. Nxa4 Rxa4 25. Rb1 c3 26. Rdc1 Rc8 27. Rc2
Ra2 28. Ne1 Be7 29. Qb7 Qxb7 30. Rxb7 Ra1 31. Kf1 Ba3 32. Ke2 Bd6 33. Rb3 Rc4
34. Rbxc3 Bb4 35. Rxc4 Rxe1+ 36. Kf3 dxc4 37. Rxc4 Ba3 38. Rc3 Bb4 39. Rc4 Ba3
40. Rc3 Bf8 41. d5 Rd1 42. e4 f6 43. Ke2 Rd4 44. Ke3 Rd1 45. f4 Kg8 46. Ke2 Rd4
47. Ke3 Rd1 48. Ke2 Ra1 49. e5 fxe5 50. fxe5 Ra4 51. Rd3 Kf7 52. Kf3 Ra3 53.
Rxa3 Bxa3 54. Ke4 Ke7 55. Kf5 Bb2 56. g4 Bc3 57. h4 Bb2 58. h5 Bc3 1/2-1/2